El 47 /

Relato basado en la vida de Manolo Vital, un conductor de autobús que fue uno de los primeros que se asentaron en el barrio de Torre Baró, un barrio en los márgenes de la ciudad de Barcelona, en lo alto de un cerro. En aquellas épocas, las zonas periféricas estaban habitadas principalmente por emigr...

Descripción completa

Guardado en:
Detalles Bibliográficos
Autor principal: Barrena, Marcel (realización)
Otros autores: Barrena, Marcel (guión) (guión), Marini, Alberto (guión) (guión), Vila, Isaac (fotógrafo) (fotógrafo), Campos, Irantzu (vestuario) (vestuario), Rodal, Olga (vestuario) (vestuario), Ruiz Capillas, Nacho (montaje) (montaje), Bataller, Arnau (música) (música), Fernández, Eduard (actuación) (actuación), Segura, Clara (actuación) (actuación), Bonafonte, Zoe (actuación) (actuación), Barrena, Marcel (comentarios) (comentarios), Castro, Valeria (interpretación musical) (interpretación musical)
Formato: Audiovisual
Idioma:Español
Publicado: Barcelona, España : 3Cat : Generalitat de Catalunya, Departament de Cultura, 2024, c2024
Edición:Edición supervisada por el director
Colección:(A Contracorriente Films ; 1329)
Temas:
Etiquetas: Agrega una etiqueta
Sin etiquetas, Sé el primero en etiquetar este registro!

MARC

LEADER 00000ngm^a2200000^a^4500
001 000625660
005 20260318124710.0
009 20260407175326.524
037 |a Acervo ITESO - Biblioteca 
041 |a ESP 
082 |a Es 860.  |b BAR 
100 |a Barrena, Marcel  |e (realización) 
245 1 3 |a El 47 /  |c Realización de M. Barrena. 
250 |a Edición supervisada por el director 
264 4 |a Barcelona, España :  |b 3Cat :  |b Generalitat de Catalunya, Departament de Cultura,  |c 2024, c2024 
264 2 |a España :  |b A Contracorriente Films [distribución],  |c 2025, c2025 
300 |a 1 blu-ray región B (110, 32 min.) :  |b color 
336 |a imagen móvil bidimensional  |b tdi  |2 rdacontenido 
337 |a video  |b v  |2 rdamedio 
338 |a videodisco  |b vd  |2 rdasoporte 
440 1 |a (A Contracorriente Films ;  |v 1329) 
520 |a Relato basado en la vida de Manolo Vital, un conductor de autobús que fue uno de los primeros que se asentaron en el barrio de Torre Baró, un barrio en los márgenes de la ciudad de Barcelona, en lo alto de un cerro. En aquellas épocas, las zonas periféricas estaban habitadas principalmente por emigrantes andaluces y extremeños, y la zona carecía de servicios de agua, luz y de transporte público. Ante la negativa del gobierno de que el transporte público llegara hasta el barrio de Torre Baró por la inseguridad y lo angosto de las calles, Vital, quien era conductor de la línea 47, desafío a las autoridades y secuestró un autobús y lo dirigió hasta lo alto de Torre Baró, con el fin de demostrar la falta de voluntad de las autoridades. Su intempestiva acción logró cambiar la visión del desarrollo urbano de la ciudad. 
546 |a En español y catalán, con subtítulos opcionales: español 
546 |a Audiodescripción en español, para ciegos y débiles visuales 
586 |a Premio Goya, de la Academia Española de Cine (39°: 2025): Mejor Película (ganadora, ex aequo) 
649 |a XX 
650 |a Choferes en el Cine 
650 |a Choferes Españoles 
650 |a Migrantes en el Cine 
650 |a Migrantes -  |z Barcelona, España -  |x Historia -  |y 1970-1979 
650 |a Migrantes -  |z Barcelona, España -  |x Historia -  |y Siglo XX 
650 |a Zonas Marginadas en el Cine 
650 |a Zonas Marginadas -  |z Barcelona, España -  |x Historia -  |y 1970-1979 -  |x Tema Principal 
650 |a Zonas Marginadas -  |z Barcelona, España -  |x Historia -  |y Siglo XX 
650 |a Barrios en el Cine 
650 |a Barrios -  |z Barcelona, España -  |x Historia -  |y 1970-1979 
650 |a Barrios -  |z Barcelona, España -  |x Historia -  |y Siglo XX 
650 |a Efectos Especiales 
650 |a Videos Musicales 
650 |a Making Of (Documentales detrás de Cámaras) 
650 |a Producción Cinematográfica -  |z España 
650 |a Películas Históricas 
650 |a Melodramas 
650 |a Dramas Cinematográficos 
650 |a Cine Social y Político 
650 |a Cine en Catalán -  |z España 
650 |a Cine Español -  |y 2020-2029 
650 |a Cine Español -  |y Siglo XXI 
650 |a Migración Interna -  |z España -  |x Historia -  |y Siglo XX 
650 |a Movimientos Sociales -  |z Barcelona, España -  |x Historia -  |y 1970-1979 
650 |a Movimientos Sociales -  |z Barcelona, España -  |x Historia -  |y Siglo XX 
650 |a Lucha de Clases -  |z Barcelona, España -  |x Historia -  |y Siglo XX 
650 |a Transporte Urbano -  |z Barcelona, España -  |x Historia -  |y Siglo XX -  |x Tema Principal 
650 |a Infraestructura Urbana -  |z Barcelona, España -  |x Historia -  |y Siglo XX 
650 |a Servicios Públicos -  |z Barcelona, España -  |x Historia -  |y Siglo XX 
650 |a Desarrollo Urbano -  |z Barcelona, España -  |x Historia -  |y Siglo XX 
650 |a Sociología Urbana 
650 |a Vital, Manolo -  |x Tema Principal 
700 |a Barrena, Marcel  |e (guión) 
700 |a Marini, Alberto  |e (guión) 
700 |a Vila, Isaac  |e (fotógrafo) 
700 |a Campos, Irantzu  |e (vestuario) 
700 |a Rodal, Olga  |e (vestuario) 
700 |a Ruiz Capillas, Nacho  |e (montaje) 
700 |a Bataller, Arnau  |e (música) 
700 |a Fernández, Eduard  |e (actuación) 
700 |a Segura, Clara  |e (actuación) 
700 |a Bonafonte, Zoe  |e (actuación) 
700 |a Barrena, Marcel  |e (comentarios) 
700 |a Castro, Valeria  |e (interpretación musical) 
740 3 |a El 47 :  |b Al borde del mundo /  |c Interpretación musical de V. Castro. 
910 |a Fondo General 
920 |a Audiovisuales - Blu-rays 
940 |a Películas 
905 |a 309 
901 |a 625996-10  |b IT2  |c BRR  |i C191424  |u 20251216 
902 |a https://opac.biblio.iteso.mx/vufind/Record/000625660